00000000nam##2200000za#4500
0019.558307
003CaOODSP
00520230131161132
007cr |||||||||||
008150406|2003||||xxc|||||o    f|0| 0 eng|d
020 |a0-662-33300-4
040 |aCaOODSP|beng
043 |an-cn---
0861 |aM44-2003/A5E-IN
1102 |aGeological Survey of Canada.
24510|aPreliminary drilling results from the Pemberton Valley, British Columbia / |h[electronic resource]|c[by] K.A. Simpson, M.V. Stasiuk, J.J. Clague, S.G. Evans, and P. Friele.
260 |aOttawa - Ontario : |bNatural Resources Canada. |c2003.
300 |a8p.|bcoloured map, figs., references, photographs
4901 |aCurrent research 2003|v2003-A5
546 |a(Résumé en français.)
590 |a14-04-Supp|b2014-02-05
830#0|aCurrent research (Geological Survey of Canada)|v2003-A5|w(CaOODSP)9.506236
85640|ahttp://publications.gc.ca|qPDF|s1.49 MB|uhttps://publications.gc.ca/collections/collection_2013/rncan-nrcan/M44-2003-A5-eng.pdf|y2003-A5